书目信息 |
| 题名: |
外国电影故事
|
|
| 作者: | 程怀灵 编 | |
| 分册: | 1 | |
| 出版信息: | 石家庄 河北人民出版社 1986 |
|
| 页数: | 277页 | |
| 开本: | 19cm | |
| 丛书名: | ||
| 单 册: | ||
| 中图分类: | I135 | |
| 科图分类: | ||
| 主题词: | 电影文学剧本--外国--选集 | |
| 电子资源: | ||
| ISBN: | ||
| 000 | 00589nam0 2200217 45 | |
| 001 | 1570050828 | |
| 005 | 20150128115012.84 | |
| 010 | @dCNY1.15 | |
| 091 | @aCN@b10086.691 | |
| 100 | @a19900813d1986 em y0chiy0121 ea | |
| 101 | 0 | @achi |
| 102 | @aCN@b130000 | |
| 105 | @af z 000fy | |
| 200 | 10 | @a外国电影故事@Awai guo dian ying gu shi@h1@f程怀灵编 |
| 210 | @a石家庄@c河北人民出版社@d1986 | |
| 215 | @a277页@c照片@d19cm | |
| 606 | @a电影文学剧本@y外国@x选集 | |
| 690 | @aI135@v3 | |
| 701 | 0 | @a程怀灵@Acheng huai ling@4编 |
| 801 | 0 | @aCN@bTSSF@c20150128 |
| 905 | @aZUCC@dI135@eJY22:1 | |
| 外国电影故事.1/程怀灵编.-石家庄:河北人民出版社,1986 |
| 277页:照片;19cm |
| ISBN :CNY1.15 |
| ● |
| 相关链接 |
|
|
|
|
正题名:外国电影故事
索取号:I135/JY22:1
 
预约/预借
| 序号 | 登录号 | 条形码 | 馆藏地/架位号 | 状态 | 备注 |
| 1 | 7842321 | 278423216 | 学院路分馆/ [索取号:I135/JY22:1] | 在馆 | |
| 2 | 7842322 | 278423225 | 学院路分馆/ [索取号:I135/JY22:1] | 在馆 |